[Event "English Open Championship 2024"]
[Site "Holiday Inn, 212 Abbey End, Kenilworth CV8 1ED, United Kingdom"]
[Date "2024.06.21"]
[Round "4.18"]
[White "Fellowes, Billy"]
[Black "Stoica, Savas Marin"]
[Result "1-0"]
[TimeControl "G90 + 30secs/move"]
[WhiteFideId "483540"]
[BlackFideId "464309"]
[WhiteElo "2019"]
[BlackElo "2115"]

1. e4 {[%clk 01:30:57]} {[%emt 00:00:03]} c5 {[%clk 01:30:05]} {[%emt
00:00:56]} 2. Nf3 {[%clk 01:31:21]} {[%emt 00:00:05]} d6 {[%clk 01:30:30]}
{[%emt 00:00:05]} 3. d4 {[%clk 01:31:46]} {[%emt 00:00:04]} cxd4 {[%clk
01:30:57]} {[%emt 00:00:04]} 4. Qxd4 {[%clk 01:32:12]} {[%emt 00:00:05]} Nc6
{[%clk 01:30:26]} {[%emt 00:01:00]} 5. Bb5 {[%clk 01:32:16]} {[%emt 00:00:26]}
Bd7 {[%clk 01:30:50]} {[%emt 00:00:06]} 6. Bxc6 {[%clk 01:32:41]} {[%emt
00:00:04]} Bxc6 {[%clk 01:31:17]} {[%emt 00:00:04]} 7. c4 {[%clk 01:31:53]}
{[%emt 00:01:18]} e5 {[%clk 01:30:17]} {[%emt 00:01:29]} 8. Qd3 {[%clk
01:32:11]} {[%emt 00:00:13]} Nf6 {[%clk 01:30:37]} {[%emt 00:00:10]} 9. Nc3
{[%clk 01:32:36]} {[%emt 00:00:04]} h6 {[%clk 01:31:02]} {[%emt 00:00:05]} 10.
h3 {[%clk 01:32:37]} {[%emt 00:00:30]} Be7 {[%clk 01:30:24]} {[%emt 00:01:07]}
11. Be3 {[%clk 01:32:51]} {[%emt 00:00:17]} Rc8 {[%clk 01:17:40]} {[%emt
00:13:14]} 12. O-O {[%clk 01:19:19]} {[%emt 00:14:01]} a6 {[%clk 01:13:38]}
{[%emt 00:04:32]} 13. Nd2 {[%clk 01:02:30]} {[%emt 00:17:19]} O-O {[%clk
01:11:36]} {[%emt 00:02:33]} 14. Rab1 {[%clk 00:57:16]} {[%emt 00:05:44]} Qd7
{[%clk 01:05:37]} {[%emt 00:06:29]} 15. Rfc1 {[%clk 00:46:07]} {[%emt
00:11:39]} b5 {[%clk 00:51:51]} {[%emt 00:14:16]} 16. b3 {[%clk 00:46:15]}
{[%emt 00:00:22]} Qb7 {[%clk 00:41:01]} {[%emt 00:11:19]} 17. a4 {[%clk
00:32:20]} {[%emt 00:14:26]} b4 {[%clk 00:35:09]} {[%emt 00:06:22]} 18. Nd5
{[%clk 00:32:29]} {[%emt 00:00:21]} Bd8 {[%clk 00:34:51]} {[%emt 00:00:48]} 19.
Nf1 {[%clk 00:27:37]} {[%emt 00:05:22]} Bd7 {[%clk 00:26:28]} {[%emt 00:08:52]}
20. Ng3 {[%clk 00:22:14]} {[%emt 00:05:53]} Re8 {[%clk 00:17:41]} {[%emt
00:09:17]} 21. Qd2 {[%clk 00:15:01]} {[%emt 00:07:43]} Nh7 {[%clk 00:16:48]}
{[%emt 00:01:24]} 22. Qxb4 {[%clk 00:13:03]} {[%emt 00:02:28]} Qxb4 {[%clk
00:17:14]} {[%emt 00:00:04]} 23. Nxb4 {[%clk 00:13:29]} {[%emt 00:00:04]} a5
{[%clk 00:17:37]} {[%emt 00:00:07]} 24. Nd5 {[%clk 00:13:29]} {[%emt 00:00:31]}
Rb8 {[%clk 00:17:48]} {[%emt 00:00:19]} 25. Nc3 {[%clk 00:10:40]} {[%emt
00:03:18]} Bb6 {[%clk 00:17:44]} {[%emt 00:00:35]} 26. Bxb6 {[%clk 00:10:46]}
{[%emt 00:00:23]} Rxb6 {[%clk 00:18:11]} {[%emt 00:00:03]} 27. Nb5 {[%clk
00:10:15]} {[%emt 00:01:00]} Ng5 {[%clk 00:18:36]} {[%emt 00:00:05]} 28. Rd1
{[%clk 00:09:38]} {[%emt 00:01:08]} Bxb5 {[%clk 00:19:00]} {[%emt 00:00:06]} 29.
axb5 {[%clk 00:10:04]} {[%emt 00:00:04]} Ne6 {[%clk 00:19:25]} {[%emt
00:00:06]} 30. Nf5 {[%clk 00:10:18]} {[%emt 00:00:15]} Rd8 {[%clk 00:19:40]}
{[%emt 00:00:15]} 31. Ne7+ {[%clk 00:09:35]} {[%emt 00:01:13]} Kf8 {[%clk
00:20:06]} {[%emt 00:00:04]} 32. Nc6 {[%clk 00:09:58]} {[%emt 00:00:06]} Ra8
{[%clk 00:18:17]} {[%emt 00:02:19]} 33. Rxd6 {[%clk 00:09:43]} {[%emt
00:00:46]} Nd4 {[%clk 00:18:43]} {[%emt 00:00:04]} 34. Rd1 {[%clk 00:09:37]}
{[%emt 00:00:36]} Rc8 {[%clk 00:18:36]} {[%emt 00:00:37]} 35. Rd7 {[%clk
00:03:38]} {[%emt 00:06:29]} Nxc6 {[%clk 00:18:54]} {[%emt 00:00:12]} 36. bxc6
{[%clk 00:04:04]} {[%emt 00:00:04]} Rbxc6 {[%clk 00:18:35]} {[%emt 00:00:48]}
37. Ra7 {[%clk 00:04:30]} {[%emt 00:00:05]} R8c7 {[%clk 00:18:40]} {[%emt
00:00:24]} 38. Rxa5 {[%clk 00:04:41]} {[%emt 00:00:20]} f6 {[%clk 00:19:06]}
{[%emt 00:00:04]} 39. Rdd5 {[%clk 00:04:13]} {[%emt 00:00:58]} Ke7 {[%clk
00:19:21]} {[%emt 00:00:15]} 40. Kf1 {[%clk 00:03:53]} {[%emt 00:00:51]} Rb6
{[%clk 00:19:41]} {[%emt 00:00:09]} 41. Rd3 {[%clk 00:04:02]} {[%emt 00:00:20]}
Rcb7 {[%clk 00:20:05]} {[%emt 00:00:06]} 42. Ra3 {[%clk 00:04:27]} {[%emt
00:00:06]} g6 {[%clk 00:20:25]} {[%emt 00:00:10]} 43. Ke2 {[%clk 00:03:37]}
{[%emt 00:01:20]} f5 {[%clk 00:20:48]} {[%emt 00:00:07]} 44. f3 {[%clk
00:04:00]} {[%emt 00:00:07]} Kf6 {[%clk 00:21:06]} {[%emt 00:00:12]} 45. h4
{[%clk 00:03:02]} {[%emt 00:01:27]} g5 {[%clk 00:21:30]} {[%emt 00:00:07]} 46.
hxg5+ {[%clk 00:03:04]} {[%emt 00:00:28]} Kxg5 {[%clk 00:21:49]} {[%emt
00:00:10]} 47. exf5 {[%clk 00:03:04]} {[%emt 00:00:30]} Kxf5 {[%clk 00:22:15]}
{[%emt 00:00:05]} 48. Re3 {[%clk 00:03:18]} {[%emt 00:00:16]} h5 {[%clk
00:22:01]} {[%emt 00:00:45]} 49. Ra5 {[%clk 00:01:17]} {[%emt 00:02:30]} Rxb3
{[%clk 00:22:26]} 50. Raxe5+ {[%clk 00:01:44]} {[%emt 00:00:08]} Kg6 {[%clk
00:22:48]} {[%emt 00:00:07]} 51. Rxb3 {[%clk 00:01:43]} {[%emt 00:00:31]} Rxb3
{[%clk 00:23:15]} {[%emt 00:00:04]} 52. g3 {[%clk 00:01:08]} {[%emt 00:01:05]}
Rb2+ {[%clk 00:23:28]} {[%emt 00:00:17]} 53. Ke3 {[%clk 00:01:29]} {[%emt
00:00:10]} Rb3+ {[%clk 00:23:01]} {[%emt 00:00:57]} 54. Kf4 {[%clk 00:01:52]}
{[%emt 00:00:07]} Rc3 {[%clk 00:23:27]} {[%emt 00:00:02]} 55. Rc5 {[%clk
00:02:14]} {[%emt 00:00:09]} Kf6 {[%clk 00:23:35]} {[%emt 00:00:23]} 56. Rc6+
{[%clk 00:02:20]} {[%emt 00:00:24]} Kf7 {[%clk 00:23:51]} {[%emt 00:00:13]} 57.
c5 {[%clk 00:02:42]} {[%emt 00:00:08]} Rc4+ {[%clk 00:24:01]} {[%emt 00:00:20]}
58. Kg5 {[%clk 00:02:56]} {[%emt 00:00:15]} Rc3 {[%clk 00:24:27]} {[%emt
00:00:05]} 59. Kf4 {[%clk 00:01:09]} {[%emt 00:02:17]} Rc4+ {[%clk 00:24:45]}
{[%emt 00:00:12]} 60. Ke3 {[%clk 00:00:45]} {[%emt 00:00:55]} Rc3+ {[%clk
00:24:54]} {[%emt 00:00:20]} 61. Kf2 {[%clk 00:01:01]} {[%emt 00:00:14]} Rc2+
{[%clk 00:25:12]} {[%emt 00:00:12]} 62. Kg1 {[%clk 00:01:27]} {[%emt 00:00:04]}
Kg7 {[%clk 00:25:37]} {[%emt 00:00:04]} 63. Rc7+ {[%clk 00:01:36]} {[%emt
00:00:21]} Kg6 {[%clk 00:25:56]} {[%emt 00:00:12]} 64. c6 {[%clk 00:01:59]}
{[%emt 00:00:07]} Kf6 {[%clk 00:26:15]} {[%emt 00:00:11]} 65. Rc8 {[%clk
00:02:19]} {[%emt 00:00:09]} Kg7 {[%clk 00:26:40]} {[%emt 00:00:05]} 66. f4
{[%clk 00:02:03]} {[%emt 00:00:47]} Kh7 {[%clk 00:26:51]} {[%emt 00:00:19]} 67.
f5 {[%clk 00:02:09]} {[%emt 00:00:24]} 1-0

[Event "English Open Championship 2024"]
[Site "Holiday Inn, 212 Abbey End, Kenilworth CV8 1ED, United Kingdom"]
[Date "2024.06.21"]
[Round "4.19"]
[White "Carroll, Thomas"]
[Black "Honey, Luke"]
[Result "1-0"]
[TimeControl "G90 + 30secs/move"]
[WhiteFideId "450111"]
[BlackFideId "343403425"]
[WhiteElo "2107"]
[BlackElo "2040"]

1. d4 {[%clk 01:30:56]} {[%emt 00:00:03]} d5 {[%clk 01:30:42]} {[%emt
00:00:18]} 2. c4 {[%clk 01:31:21]} {[%emt 00:00:06]} c6 {[%clk 01:31:07]}
{[%emt 00:00:05]} 3. cxd5 {[%clk 01:31:16]} {[%emt 00:00:35]} cxd5 {[%clk
01:31:29]} {[%emt 00:00:07]} 4. Nc3 {[%clk 01:31:40]} {[%emt 00:00:07]} Nf6
{[%clk 01:31:52]} {[%emt 00:00:06]} 5. Bf4 {[%clk 01:31:49]} {[%emt 00:00:21]}
Nc6 {[%clk 01:31:47]} {[%emt 00:00:35]} 6. Nf3 {[%clk 01:31:49]} {[%emt
00:00:30]} a6 {[%clk 01:32:10]} {[%emt 00:00:08]} 7. Rc1 {[%clk 01:32:08]}
{[%emt 00:00:11]} Bf5 {[%clk 01:24:59]} {[%emt 00:07:41]} 8. e3 {[%clk
01:32:28]} {[%emt 00:00:10]} e6 {[%clk 01:25:04]} {[%emt 00:00:25]} 9. Qb3
{[%clk 01:32:54]} {[%emt 00:00:05]} Bb4 {[%clk 01:12:06]} {[%emt 00:13:26]} 10.
Be2 {[%clk 01:30:38]} {[%emt 00:02:47]} O-O {[%clk 01:11:41]} {[%emt 00:00:54]}
11. O-O {[%clk 01:27:40]} {[%emt 00:03:28]} Bd6 {[%clk 01:05:38]} {[%emt
00:06:33]} 12. Bxd6 {[%clk 01:17:01]} {[%emt 00:11:09]} Qxd6 {[%clk 01:05:20]}
{[%emt 00:00:49]} 13. Na4 {[%clk 01:15:29]} {[%emt 00:02:02]} b5 {[%clk
00:52:44]} {[%emt 00:13:06]} 14. Nc5 {[%clk 01:14:42]} {[%emt 00:01:17]} Rfb8
{[%clk 00:50:59]} {[%emt 00:02:14]} 15. Nh4 {[%clk 01:08:40]} {[%emt 00:06:32]}
Bg6 {[%clk 00:46:52]} {[%emt 00:04:37]} 16. Nxg6 {[%clk 01:08:18]} {[%emt
00:00:52]} hxg6 {[%clk 00:47:15]} {[%emt 00:00:07]} 17. Rc3 {[%clk 00:59:47]}
{[%emt 00:09:01]} Na5 {[%clk 00:42:00]} {[%emt 00:05:45]} 18. Qd1 {[%clk
00:57:37]} {[%emt 00:02:40]} Nc4 {[%clk 00:36:44]} {[%emt 00:05:47]} 19. Qa1
{[%clk 00:54:15]} {[%emt 00:03:52]} Nd7 {[%clk 00:29:38]} {[%emt 00:07:35]} 20.
Nxd7 {[%clk 00:47:36]} {[%emt 00:07:09]} Qxd7 {[%clk 00:29:50]} {[%emt
00:00:18]} 21. Rfc1 {[%clk 00:45:50]} {[%emt 00:02:16]} Rc8 {[%clk 00:29:08]}
{[%emt 00:01:12]} 22. a3 {[%clk 00:42:07]} {[%emt 00:04:13]} Nd6 {[%clk
00:27:50]} {[%emt 00:01:48]} 23. b3 {[%clk 00:38:03]} {[%emt 00:04:35]} Ne4
{[%clk 00:25:22]} {[%emt 00:02:57]} 24. Rxc8+ {[%clk 00:38:27]} {[%emt
00:00:07]} Rxc8 {[%clk 00:25:45]} {[%emt 00:00:07]} 25. f3 {[%clk 00:38:26]}
{[%emt 00:00:30]} Nd6 {[%clk 00:25:15]} {[%emt 00:01:00]} 26. Rc5 {[%clk
00:35:55]} {[%emt 00:03:02]} Nb7 {[%clk 00:22:24]} {[%emt 00:03:20]} 27. Rc3
{[%clk 00:35:20]} {[%emt 00:01:05]} Kf8 {[%clk 00:18:40]} {[%emt 00:04:14]} 28.
Qc1 {[%clk 00:33:46]} {[%emt 00:02:03]} Rxc3 {[%clk 00:18:55]} {[%emt
00:00:16]} 29. Qxc3 {[%clk 00:33:56]} {[%emt 00:00:21]} Ke7 {[%clk 00:18:28]}
{[%emt 00:00:57]} 30. a4 {[%clk 00:32:26]} {[%emt 00:02:00]} Nd6 {[%clk
00:16:03]} {[%emt 00:02:56]} 31. axb5 {[%clk 00:30:24]} {[%emt 00:02:32]} axb5
{[%clk 00:16:01]} {[%emt 00:00:32]} 32. Qc5 {[%clk 00:30:02]} {[%emt 00:00:51]}
Qb7 {[%clk 00:15:05]} {[%emt 00:01:26]} 33. Bd3 {[%clk 00:29:08]} {[%emt
00:01:24]} Kd7 {[%clk 00:13:59]} {[%emt 00:01:36]} 34. e4 {[%clk 00:28:24]}
{[%emt 00:01:14]} Qc6 {[%clk 00:11:08]} {[%emt 00:03:23]} 35. e5 {[%clk
00:27:47]} {[%emt 00:01:05]} Qxc5 {[%clk 00:06:27]} {[%emt 00:05:12]} 36. dxc5
{[%clk 00:28:12]} {[%emt 00:00:05]} Nc4 {[%clk 00:06:10]} {[%emt 00:00:47]} 37.
bxc4 {[%clk 00:26:39]} {[%emt 00:02:02]} bxc4 {[%clk 00:05:53]} {[%emt
00:00:47]} 38. Bb1 {[%clk 00:22:13]} {[%emt 00:04:56]} Kc6 {[%clk 00:06:17]}
{[%emt 00:00:06]} 39. Kf2 {[%clk 00:22:18]} {[%emt 00:00:25]} Kxc5 {[%clk
00:06:44]} {[%emt 00:00:04]} 40. Ke3 {[%clk 00:21:22]} {[%emt 00:01:25]} Kb4
{[%clk 00:06:59]} {[%emt 00:00:16]} 41. Kd2 {[%clk 00:19:41]} {[%emt 00:02:10]}
Kb3 {[%clk 00:07:02]} {[%emt 00:00:27]} 42. h4 {[%clk 00:18:26]} {[%emt
00:01:45]} Kb2 {[%clk 00:06:19]} {[%emt 00:01:14]} 43. Bc2 {[%clk 00:18:39]}
{[%emt 00:00:16]} d4 {[%clk 00:05:31]} {[%emt 00:01:19]} 44. g4 {[%clk
00:16:47]} {[%emt 00:02:22]} Ka3 {[%clk 00:05:17]} {[%emt 00:00:44]} 45. g5
{[%clk 00:13:56]} {[%emt 00:03:20]} Kb4 {[%clk 00:03:34]} {[%emt 00:02:14]} 46.
Be4 {[%clk 00:13:26]} {[%emt 00:01:00]} Kb3 {[%clk 00:03:28]} {[%emt 00:00:36]}
47. Bb1 {[%clk 00:11:55]} {[%emt 00:02:00]} Kb2 {[%clk 00:02:24]} {[%emt
00:01:34]} 48. Bc2 {[%clk 00:12:11]} {[%emt 00:00:14]} Ka2 {[%clk 00:00:37]}
{[%emt 00:02:18]} 49. f4 {[%clk 00:12:32]} {[%emt 00:00:08]} Kb2 {[%clk
00:00:45]} {[%emt 00:00:22]} 50. Bd1 {[%clk 00:10:20]} {[%emt 00:02:42]} c3
{[%clk 00:00:46]} {[%emt 00:00:30]} 51. Kd3 {[%clk 00:10:27]} {[%emt 00:00:23]}
Kc1 {[%clk 00:01:10]} {[%emt 00:00:06]} 52. Ba4 {[%clk 00:10:36]} {[%emt
00:00:20]} Kb2 {[%clk 00:01:30]} {[%emt 00:00:11]} 53. Kxd4 {[%clk 00:06:25]}
{[%emt 00:04:40]} c2 {[%clk 00:01:56]} {[%emt 00:00:05]} 54. Bxc2 {[%clk
00:06:53]} {[%emt 00:00:01]} Kxc2 {[%clk 00:02:22]} {[%emt 00:00:04]} 55. f5
{[%clk 00:06:47]} {[%emt 00:00:36]} exf5 {[%clk 00:02:00]} {[%emt 00:00:53]} 56.
h5 {[%clk 00:07:08]} {[%emt 00:00:08]} gxh5 {[%clk 00:00:39]} {[%emt 00:01:51]}
57. g6 {[%clk 00:07:32]} {[%emt 00:00:06]} fxg6 {[%clk 00:00:38]} {[%emt
00:00:31]} 58. e6 {[%clk 00:07:56]} {[%emt 00:00:06]} 1-0

[Event "English Open Championship 2024"]
[Site "Holiday Inn, 212 Abbey End, Kenilworth CV8 1ED, United Kingdom"]
[Date "2024.06.21"]
[Round "4.20"]
[White "Lishoy Gengis Paratazham, Dildarav"]
[Black "Hobson, Kenneth"]
[Result "0-1"]
[TimeControl "G90 + 30secs/move"]
[WhiteFideId "491462"]
[BlackFideId "480819"]
[WhiteElo "1969"]
[BlackElo "2227"]

1. e4 {[%clk 01:30:57]} {[%emt 00:00:03]} e5 {[%clk 01:30:42]} {[%emt
00:00:18]} 2. Nf3 {[%clk 01:31:20]} {[%emt 00:00:07]} Nc6 {[%clk 01:30:34]}
{[%emt 00:00:39]} 3. Bc4 {[%clk 01:31:41]} {[%emt 00:00:09]} Nf6 {[%clk
01:30:25]} {[%emt 00:00:39]} 4. d3 {[%clk 01:31:58]} {[%emt 00:00:12]} h6
{[%clk 01:29:58]} {[%emt 00:00:58]} 5. c3 {[%clk 01:31:49]} {[%emt 00:00:40]}
d6 {[%clk 01:29:23]} {[%emt 00:01:04]} 6. Nbd2 {[%clk 01:31:05]} {[%emt
00:01:14]} g5 {[%clk 01:29:28]} {[%emt 00:00:24]} 7. h3 {[%clk 01:29:56]}
{[%emt 00:01:39]} Bg7 {[%clk 01:29:05]} {[%emt 00:00:54]} 8. Bb3 {[%clk
01:25:07]} {[%emt 00:05:19]} O-O {[%clk 01:28:40]} {[%emt 00:00:55]} 9. O-O
{[%clk 01:25:18]} {[%emt 00:00:18]} Re8 {[%clk 01:26:56]} {[%emt 00:02:15]} 10.
Re1 {[%clk 01:23:30]} {[%emt 00:02:18]} a5 {[%clk 01:24:11]} {[%emt 00:03:15]}
11. a4 {[%clk 01:22:40]} {[%emt 00:01:20]} Ne7 {[%clk 01:21:24]} {[%emt
00:03:16]} 12. Nf1 {[%clk 01:18:27]} {[%emt 00:04:43]} Ng6 {[%clk 01:19:33]}
{[%emt 00:02:21]} 13. Ng3 {[%clk 01:18:34]} {[%emt 00:00:24]} d5 {[%clk
01:12:38]} {[%emt 00:07:25]} 14. exd5 {[%clk 01:17:16]} {[%emt 00:01:48]} Nxd5
{[%clk 01:12:29]} {[%emt 00:00:38]} 15. d4 {[%clk 01:17:42]} {[%emt 00:00:05]}
Ndf4 {[%clk 01:08:52]} {[%emt 00:04:07]} 16. Bxf4 {[%clk 01:10:54]} {[%emt
00:07:18]} exf4 {[%clk 01:04:35]} {[%emt 00:04:47]} 17. Nh5 {[%clk 01:08:27]}
{[%emt 00:02:56]} Bf5 {[%clk 01:02:41]} {[%emt 00:02:23]} 18. Nxg7 {[%clk
01:08:53]} {[%emt 00:00:05]} Kxg7 {[%clk 01:03:04]} {[%emt 00:00:08]} 19. Ne5
{[%clk 01:08:31]} {[%emt 00:00:51]} Nxe5 {[%clk 01:02:11]} {[%emt 00:01:24]} 20.
dxe5 {[%clk 01:06:50]} {[%emt 00:02:11]} Qxd1 {[%clk 01:00:57]} {[%emt
00:01:43]} 21. Raxd1 {[%clk 01:07:15]} {[%emt 00:00:06]} Rad8 {[%clk 01:00:11]}
{[%emt 00:01:15]} 22. Rxd8 {[%clk 01:01:22]} {[%emt 00:06:23]} Rxd8 {[%clk
00:59:08]} {[%emt 00:01:33]} 23. Re2 {[%clk 01:01:30]} {[%emt 00:00:22]} Kf8
{[%clk 00:53:16]} {[%emt 00:06:22]} 24. f3 {[%clk 00:58:20]} {[%emt 00:03:41]}
Ke7 {[%clk 00:51:53]} {[%emt 00:01:53]} 25. Kf2 {[%clk 00:58:30]} {[%emt
00:00:19]} Be6 {[%clk 00:49:41]} {[%emt 00:02:42]} 26. c4 {[%clk 00:57:58]}
{[%emt 00:01:03]} Rd4 {[%clk 00:47:44]} {[%emt 00:02:26]} 27. Rc2 {[%clk
00:56:12]} {[%emt 00:02:17]} Kd7 {[%clk 00:46:46]} {[%emt 00:01:27]} 28. Ke2
{[%clk 00:50:48]} {[%emt 00:05:54]} Kc6 {[%clk 00:45:39]} {[%emt 00:01:37]} 29.
Ba2 {[%clk 00:49:42]} {[%emt 00:01:36]} Kc5 {[%clk 00:45:15]} {[%emt 00:00:55]}
30. Ke1 {[%clk 00:49:33]} {[%emt 00:00:38]} Kb4 {[%clk 00:44:31]} {[%emt
00:01:14]} 31. Re2 {[%clk 00:47:32]} {[%emt 00:02:31]} Kxa4 {[%clk 00:41:27]}
{[%emt 00:03:34]} 32. Rd2 {[%clk 00:47:18]} {[%emt 00:00:43]} Rxd2 {[%clk
00:41:16]} {[%emt 00:00:42]} 33. Kxd2 {[%clk 00:47:46]} {[%emt 00:00:03]} Kb4
{[%clk 00:41:30]} {[%emt 00:00:15]} 34. Kd3 {[%clk 00:48:09]} {[%emt 00:00:07]}
c5 {[%clk 00:41:24]} {[%emt 00:00:36]} 35. Ke4 {[%clk 00:48:29]} {[%emt
00:00:10]} Bxc4 {[%clk 00:41:01]} {[%emt 00:00:54]} 36. Bxc4 {[%clk 00:48:21]}
{[%emt 00:00:38]} Kxc4 {[%clk 00:41:26]} {[%emt 00:00:05]} 37. Kf5 {[%clk
00:48:49]} {[%emt 00:00:02]} Kd5 {[%clk 00:41:45]} {[%emt 00:00:10]} 38. h4
{[%clk 00:49:09]} {[%emt 00:00:11]} b5 {[%clk 00:41:49]} {[%emt 00:00:25]} 39.
hxg5 {[%clk 00:49:34]} {[%emt 00:00:06]} hxg5 {[%clk 00:42:15]} {[%emt
00:00:04]} 40. Kxg5 {[%clk 00:50:01]} {[%emt 00:00:02]} Kxe5 {[%clk 00:42:35]}
{[%emt 00:00:10]} 41. Kg4 {[%clk 00:50:27]} {[%emt 00:00:03]} f5+ {[%clk
00:42:49]} {[%emt 00:00:16]} 42. Kg5 {[%clk 00:50:54]} {[%emt 00:00:03]} a4
{[%clk 00:43:10]} {[%emt 00:00:10]} 43. Kg6 {[%clk 00:51:19]} {[%emt 00:00:05]}
b4 {[%clk 00:43:33]} {[%emt 00:00:07]} 44. Kg5 {[%clk 00:51:44]} {[%emt
00:00:05]} a3 {[%clk 00:43:59]} {[%emt 00:00:04]} 45. bxa3 {[%clk 00:52:10]}
{[%emt 00:00:04]} bxa3 {[%clk 00:44:25]} {[%emt 00:00:04]} 46. Kg6 {[%clk
00:52:38]} {[%emt 00:00:01]} a2 {[%clk 00:44:47]} {[%emt 00:00:09]} 47. Kg5
{[%clk 00:53:06]} {[%emt 00:00:02]} a1=Q {[%clk 00:45:07]} {[%emt 00:00:11]} 48.
Kg6 {[%clk 00:53:33]} {[%emt 00:00:02]} c4 {[%clk 00:45:26]} {[%emt 00:00:11]}
49. Kf7 {[%clk 00:53:56]} {[%emt 00:00:08]} c3 {[%clk 00:45:48]} {[%emt
00:00:08]} 50. Kg7 {[%clk 00:54:23]} {[%emt 00:00:02]} c2 {[%clk 00:46:09]}
{[%emt 00:00:08]} 51. Kg6 {[%clk 00:54:51]} {[%emt 00:00:02]} c1=Q {[%clk
00:46:28]} {[%emt 00:00:11]} 52. Kg5 {[%clk 00:55:18]} {[%emt 00:00:04]} Qa6
{[%clk 00:46:03]} {[%emt 00:00:54]} 53. Kh4 {[%clk 00:55:43]} {[%emt 00:00:05]}
Qh6+ {[%clk 00:46:17]} {[%emt 00:00:16]} 0-1